| 000 | 00344nam a2200133Ia 4500 | ||
|---|---|---|---|
| 008 | 240624s9999 xx 000 0 und d | ||
| 041 | _aeng | ||
| 082 | _a658.1 LON | ||
| 100 | _aLONG DENNY | ||
| 245 | _aMANAGING GENIUS MASTER THE ART OF MANAGI | ||
| 260 |
_c2015 _aUSA _bFranklin Green Publishing |
||
| 300 | _a304 p.; 23 cm. | ||
| 365 |
_c _b38 |
||
| 999 |
_c30739 _d30739 |
||